Biblioteca

More youth than ministries : (Registro nro. 54606)

Detalles MARC
000 -LÍDER
Campo fijo de descripción fija 01188cas a22002054i 4500
001 - NÚMERO DE CONTROL
Campo de control 768714001
003 - IDENTIFICADOR DEL NÚMERO DE CONTROL
Campo de control CO-MdFUSB
005 - FECHA Y HORA DE LA ULTIMA TRANSACCIÓN
control field 20180901101751.0
008 - ELEMENTOS DE LONGITUD FIJA -- INFORMACIÓN GENERAL
Campo fijo de descripción fija -- Información general 180901s1991 xxu||||| |||| 00| 0 eng d
040 ## - FUENTE DE CATALOGACIÓN
Agencia Catalogadora CO-MdFUSB
Idioma de catalogación spa
Agencia que realiza la transcripción CO-MdFUSB
Agencia que realiza la modificación CO-MdFUSB
041 ## - CÓDIGO DE IDIOMA
Código de idioma para texto/pista de sonido o título separado eng
100 1# - ASIENTO PRINCIPAL--NOMBRE PERSONAL
Nombre personal Santibáñez Castañón, Julia
Término relacionador autor
245 10 - TÍTULO
Título More youth than ministries :
Subtitulo roughly 50% of mexicans are under age 20. Will their future include Jesus?
300 ## - DESCRIPCIÓN FÍSICA
Extensión Volumen. 71, Número 4 (1991), páginas 6-7
Dimensiones : 28 cm
520 ## - NOTA DE RESUMEN, ETC.
Nota de sumario, etc. el artículo trata de los problemas de la cuidad de México con los jóvenes que estaban dejando el colegio por diferentes circunstancias. algunas de ellas por motivos de drogadicción, otras por embarazo o por cuestiones de una economía inestable en sus familias, lo cual, les obliga a trabajar.Frente a todo esto, la iglesia tiene una función de ayudar y tratar de responder a esta problemática de los jóvenes y adolescentes que no están estudiando.
546 ## - NOTA DE IDIOMA
Nota de idioma Texto en inglés
650 #0 - ASIENTO SECUNDARIO DE MATERIA - TERMINO TEMÁTICO
9 (RLIN) 1177
Término temático o nombre geográfico como elemento de entrada Iglesia y problemas sociales
773 0# - ASIENTO DE ITEM FUENTE
Título Latin America Evangelist
Biblionumber 49466
Itemnumber 60814
Parte(s) relacionada(s) / Volumen., número. (mes año), páginas Volumen. 71, Número 4 (1991), páginas 6-7
Enumeración y primera página Página 6
942 ## - TIPO DE MATERIAL (KOHA)
Tipo de Item KOHA Artículos de Revista
Existencias
Expurgo - (Retirado) Estado de Perdido Estado de Dañado No prestable Colección Ubicación habitual Ubicación actual Fecha de Adquisición Signatura Topográfica Tipo de Material
        Colección de Hemeroteca Biblioteca FUSBC Biblioteca FUSBC 26/01/2016 Artículos de Revista

Biblioteca FUSBC | Teléfono: (57+4) 349 88 10 Ext. 141| WhatsApp (+57) 3005338115 
E-mail: biblioteca@unisbc.edu.co | Calle 76 87-14 Robledo Palenque, Medellín, Colombia

Con tecnología Koha